Estadísticas para 50 Islas más grandes de América

Haz click aquí para intentar la prueba.

Estadísticas generales

  • Esta prueba ha sido intentada 36 veces
  • La puntuación promedio es 10 de 50

Estadísticas de respuestas

TamañoPaísIsla% Correcto
105.806CubaCuba
84%
2.130.800Dinamarca
(Groenlandia)
Groenlandia
81%
8.896Estados Unidos
(Puerto Rico)
Puerto Rico
75%
4.768Trinidad y
Tobago
Isla Trinidad
72%
10.991JamaicaJamaica
69%
76.480Haití
Rep. Dominicana
La Española
69%
507.451CanadáIsla Baffin
50%
108.860CanadáTerranova
50%
47.401Argentina
Chile
Isla Grande de Tierra del Fuego
47%
217.291CanadáIsla Victoria
41%
196.236CanadáIsla Ellesmere
28%
70.028CanadáIsla Banks
25%
5.620CanadáIsla del Príncipe Eduardo
25%
8.478ChileIsla Grande de Chiloé
19%
4.711EcuadorIsla Isabela
19%
40.100BrasilMarajó
19%
31.285CanadáIsla de Vancouver
16%
33.339CanadáIsla del Príncipe de Gales
13%
6.675Estados UnidosIsla Príncipe de Gales
13%
19.162BrasilIsla del Bananal
9%
55.247CanadáIsla Devon
9%
4.531Reino Unido
(Reclamada por
Argentina)
Isla Gran Malvina
9%
9.293Estados UnidosIsla Kodiak
9%
5.048CanadáIsla Mackenzie King
9%
6.605Reino Unido
(Reclamada por
Argentina)
Isla Soledad
9%
5.556ChileIsla Wellington
9%
5.255CanadáIsla Amund Ringnes
6%
43.178CanadáIsla Axel Heiberg
6%
16.042CanadáIsla Bathurst
6%
11.067CanadáIsla Bylot
6%
5.498CanadáIsla Coats
6%
7.941CanadáIsla de Anticosti
6%
10.311CanadáIsla de Cabo Bretón
6%
11.295CanadáIsla Ellef Ringnes
6%
6.361CanadáIsla Graham
6%
42.149CanadáIsla Melville
6%
9.521CanadáIsla Prince Charles
6%
15.848CanadáIsla Prince Patrick
6%
13.111CanadáIsla Rey William
6%
5.110ChileIsla Riesco
6%
4.640Estados UnidosIsla San Lorenzo
6%
24.786CanadáIsla Somerset
6%
41.214CanadáIsla Southampton
6%
4.463CanadáIsla Stefansson
6%
8.578Dinamarca
(Groenlandia)
Qeqertarsuaq (Disko)
6%
11.850BrasilTupinambarana
6%
5.000BrasilCaviana
3%
4.864BrasilIlha Grande do Gurupá
3%
6.995CanadáIsla Cornwallis
3%
5.388Estados UnidosIsla Chicagof
0%

Distribución de puntuación

Porcentaje por número respondido

Porcentaje de gente con cada puntuación

Historial de tus puntuaciones

No has intentado esta prueba.